Grece : 22 peintres et sculpteurs

Αποθηκεύτηκε σε:
Λεπτομέρειες βιβλιογραφικής εγγραφής
Μορφή: Βιβλίο
Γλώσσα:French
Δημοσίευση: Paris : Galeries Nationales du Grand Palais, 1979
Θέματα:
Ετικέτες: Προσθήκη ετικέτας
Δεν υπάρχουν, Καταχωρήστε ετικέτα πρώτοι!

MARC

LEADER 00000nam a2200000 i 4500
001 1/103978
008 000303s fre d
035 |l 10058674 
040 |a GR-MY-UA  |b gre  |e aacr 
041 0 |a fre 
082 0 |a 759.9495 
245 1 0 |a Grece :  |b 22 peintres et sculpteurs 
260 |a Paris :   |b Galeries Nationales du Grand Palais,   |c 1979 
300 |a [13] p.  |b ill. 
500 |a Secondes rencontres internationales d' art contemporain 
500 |a Couverture: Alekos Fassianos, Le Lever du soleil, 1978 
650 0 0 |a Painting, Greek. 
650 0 0 |a Painters  |z Greece. 
650 0 0 |a Painting, Modern. 
650 0 0 |a Sculpture, Greek. 
650 0 0 |a Sculptors  |z Greece. 
852 |a INST  |b RHODES  |e 20000303  |h 759.9495 GRE  |p 005400010642  |q 005400010642  |t BK  |y 0 
909 |a Ρ  |b 014973 
922 |a 4ΔΩΡ  |b 198912  |c ΔΩΡΕΑ 
970 |a ΧΟΡΟΖΙΔΟΥ  |b ΤΖΕΝΗ  |z 2000/03/23